| 000 | 00587nam a22001817a 4500 | ||
|---|---|---|---|
| 999 |
_c188383 _d188383 |
||
| 005 | 20220519173451.0 | ||
| 010 | _aENG-132727 | ||
| 020 |
_a9789380705071 _c595.00 |
||
| 035 | _aEN-116259 | ||
| 037 | _bDBAD/PUB | ||
| 082 | _a307.14120954 | ||
| 100 | _aOta, A.B. | ||
| 245 |
_aDevelopment Projects and Displaced Tribal: An Emprical Study/ _cA.B. Ota |
||
| 260 |
_aBhubaneswar _bScheduled Cases and Scheduled Tribes Research & Training Institute _c2010 |
||
| 270 |
_bBhubaneswar _e751003 |
||
| 300 |
_a219p. _bIndex _c22cm(hbk) |
||
| 942 |
_2ddc _cEN _h307.14120954 _mOTA |
||